000
00233nam a2200097Ia 4500
001
698341
005
20250826162049.0
008
250824s9999 xx 000 0 und d
245
0
_a
SEVGİ ZEKASI
_c
MUHAMMED BOZDAĞ
260
_b
YEDİVEREN
999
_c
698341
_d
698341